|
|
|
|
| LEADER |
00000nab a2200000 a 4500 |
| 001 |
vtls008304591 |
| 003 |
SK-MaSNL |
| 005 |
20260304135128.0 |
| 008 |
250505c2005 xo mr|p|||||||000 b|slo |
| 015 |
|
|
|a SNBRB2005/10
|2 snkbucl
|
| 035 |
|
|
|a (uuid)8fcfa50b-22bf-433f-94c5-b9629257216b
|
| 035 |
|
|
|a urn:nbn:sk:snk-ab23jt
|
| 035 |
|
|
|a (urnnbn)urn:nbn:sk:snk:ar-a01huq
|
| 038 |
|
|
|a SNKBUCL
|
| 040 |
|
|
|a SNKBUCL
|b slo
|c SNKBUCL
|e AACR2
|
| 041 |
0 |
|
|a slo
|
| 044 |
|
|
|a xo
|c SK
|
| 080 |
|
|
|a 792.54
|2 1997
|
| 100 |
1 |
|
|a Zagar, Peter,
|d 1961-
|4 aut
|9 98392
|
| 245 |
1 |
0 |
|a Romantický hrdina?
|c Peter Zagar
|
| 600 |
1 |
7 |
|a Britten, Benjamin,
|d 1913-1976
|t Peter Grimes
|2 snkbucl
|9 119166
|
| 610 |
2 |
7 |
|a Slovenské národné divadlo.
|b Opera
|2 snkbucl
|9 65024
|
| 650 |
0 |
7 |
|a opery
|2 snkbucl
|9 3214
|
| 650 |
0 |
7 |
|a operné inscenácie
|2 snkbucl
|9 3330
|
| 655 |
|
7 |
|a recenzie
|2 snkbucl
|9 21907
|
| 773 |
0 |
|
|t Hudobný život
|g Roč. XXXVII, č. 7-8 (2005), s. 29
|x 1335-4140
|
| 850 |
|
|
|a Slovenská národná knižnica
|
| 852 |
|
|
|a Slovenská národná knižnica
|
| 954 |
|
|
|a odborná, vedecká literatúra pôvodná (slovenská)
|2 lita
|
| 958 |
|
|
|a article27
|
| 958 |
|
|
|a OND
|
| 958 |
|
|
|a RC
|
| 958 |
|
|
|a EUIPO
|
| 999 |
|
|
|c 2909577
|d 2911507
|